000 00777nam a2200265Ia 4500
003 OSt
005 20220924114854.0
006 a|||||r|||| 00| 0
007 ta
008 220923b |||||||| |||| 00| 0 ara d
020 _a9770226866 (pbk)
020 _c390.00
024 _a281390
037 _b608, 06/09/2014, Nadwi Publications
_cTextual
040 _aARTS
_cARTS
_bara
041 _2ara
_aara
082 _aQ7:33:g, 28P9
100 _aRahman Aisha Abdul Au.
_9175825
245 0 _aMa almstafa fi asr al mabhas
260 _aCairo
_bMarefah Egypt
_c2009
300 _a253p.
_ccm.
650 _aRELIGION
942 _hQ7:33:g, 28P9
_cTEXL
_2CC
999 _c395726
_d395726